[Event "TCh-NED 2006-7"]
[Site "Netherlands NED"]
[Date "2007.03.03"]
[Round "6"]
[White "Visser,Y"]
[Black "Janssen,Ru"]
[Result "1/2-1/2"]
[WhiteElo "2503"]
[BlackElo "2480"]

1.e4 e5 2.Nf3 Nc6 3.Bb5 a6 4.Ba4 Nf6 5.O-O b5 6.Bb3 Bb7 7.d3 Be7 8.Nc3 O-O
9.Bd2 d6 10.Nd5 Nxd5 11.Bxd5 Rb8 12.a4 Nd4 13.Nxd4 Bxd5 14.exd5 exd4 15.axb5 Rxb5
16.Rxa6 Rxd5 17.b4 Bg5 18.Ra5 Re5 19.f4 Rxa5 20.bxa5 Bf6 21.Qf3 Qa8 22.Qxa8 Rxa8
23.Kf2 Kf8 24.Re1 Bh4+ 25.g3 Bd8 26.f5 Ra7 27.Kf3 c6 28.Ra1 Ke8 29.Ra4 Kd7
30.Rxd4 Bxa5 31.Ra4 Bb6 32.Rh4 Ra2 33.Rxh7 Rxc2 34.Be3 Bxe3 35.Kxe3 Ke7 36.g4 Kf6
37.h4 Rh2 38.Kf4 Rf2+ 39.Ke3 Rh2 40.Kf3 g6 41.fxg6 Kxg6 42.Rh8 Rh3+ 43.Ke4 Kg7
44.Rh5 d5+ 45.Kd4 f6 46.g5 c5+  1/2-1/2

[Event "TCh-BEL 2006-7"]
[Site "Belgium BEL"]
[Date "2007.03.11"]
[Round "10"]
[White "Allaert,D"]
[Black "Geenen,M"]
[Result "1/2-1/2"]
[WhiteElo "1996"]
[BlackElo "2317"]

1.e4 e5 2.Nf3 Nc6 3.Bb5 a6 4.Ba4 Nf6 5.O-O b5 6.Bb3 Bb7 7.d3 Bd6 8.Nc3 O-O
9.Bg5 Na5 10.d4 Nxb3 11.axb3 exd4 12.Qxd4 Be7 13.e5 Ne8 14.Bxe7 Qxe7 15.Nd5 Bxd5
16.Qxd5 c6 17.Qd3  1/2-1/2

[Event "Sander Schloss Open"]
[Site "Werther GER"]
[Date "2007.03.30"]
[Round "3"]
[White "Kruse,H"]
[Black "Ovsejevitsch,S"]
[Result "0-1"]
[WhiteElo "2228"]
[BlackElo "2545"]

1.e4 e5 2.Nf3 Nc6 3.Bb5 a6 4.Ba4 Nf6 5.O-O b5 6.Bb3 Bb7 7.d3 Be7 8.Nc3 d6
9.Nd5 Na5 10.Nxe7 Qxe7 11.Nh4 g6 12.Nf3 Nxb3 13.axb3 O-O 14.Bg5 Qe6 15.h3 Nh5
16.Bh6 Rfe8 17.g4 Ng7 18.Ng5 Qe7 19.f4 exf4 20.Rxf4 f6 21.Bxg7 Kxg7 22.Nf3 d5
23.Nd2 Qc5+ 24.Kf1 dxe4 25.Nxe4 Bxe4 26.Rxe4 f5 27.Rxe8 Rxe8 28.Qd2 fxg4
29.hxg4 Rf8+ 30.Kg2 Qd5+ 31.Kh2 Rf3 32.Qe1 Qg5 33.Rxa6 Qf4+  0-1

[Event "8th ch-Euro"]
[Site "Dresden GER"]
[Date "2007.04.03"]
[Round "1"]
[White "Borriss,M"]
[Black "Beliavsky,A"]
[Result "1/2-1/2"]
[WhiteElo "2463"]
[BlackElo "2639"]

1.e4 e5 2.Nf3 Nc6 3.Bb5 a6 4.Ba4 Nf6 5.O-O b5 6.Bb3 Bb7 7.c3 Nxe4 8.d4 Na5
9.Bc2 exd4 10.b4 Nc4 11.Bxe4 Bxe4 12.Re1 d5 13.Nxd4 c5 14.bxc5 Bxc5 15.f3 O-O
16.fxe4 dxe4 17.Rxe4 Qd5 18.Rh4 Rfe8 19.Nd2 b4 20.Nxc4 Qxc4 21.cxb4 Qxb4
22.Bg5 h6 23.Bxh6 gxh6 24.Kh1 Bxd4 25.Rxd4  1/2-1/2

[Event "8th ch-Euro"]
[Site "Dresden GER"]
[Date "2007.04.03"]
[Round "1"]
[White "Michalczak,T"]
[Black "Pavasovic,D"]
[Result "0-1"]
[WhiteElo "2332"]
[BlackElo "2575"]

1.e4 e5 2.Nf3 Nc6 3.Bb5 a6 4.Ba4 Nf6 5.O-O b5 6.Bb3 Bb7 7.d3 Be7 8.Nc3 O-O
9.Nd5 Na5 10.Nxe7+ Qxe7 11.Bg5 h6 12.Bh4 d6 13.Qd2 Nxb3 14.axb3 Qe6 15.Bxf6 Qxf6
16.Rfe1 Rae8 17.c4 bxc4 18.bxc4 Qe7 19.d4 f5 20.exf5 Rxf5 21.d5 Ref8 22.Re2 Rf4
23.Rc1 Qf7 24.Qe3 Qg6 25.Nd2 Rd4 26.f3 Bc8 27.Ne4 Bf5 28.Rd2 Bxe4 29.Rxd4 exd4
30.Qxe4 Qxe4 31.fxe4 Rb8 32.Rc2 Kf7 33.Rf2+ Ke7 34.Rd2 Kf6 35.Rxd4 Rxb2 36.c5 dxc5
37.Ra4 Ke5 38.Rc4 Rb5 39.Kf2 g5 40.Kf3 Rb3+ 41.Kf2 Rb2+ 42.Kf3 Rb3+ 43.Kf2 Rb4
44.Rxc5 Rxe4 45.Ra5 Rf4+ 46.Kg3 Rf6 47.Kg4 Rd6 48.Kh5 Rxd5 49.Rxa6 Rd6 50.Ra5+ Kd4
51.Ra4+ Kd5 52.Ra1 c5 53.Rd1+ Kc6 54.Rc1 Kb5 55.Rb1+ Ka4 56.Rc1 Rc6  0-1

[Event "8th ch-Euro"]
[Site "Dresden GER"]
[Date "2007.04.12"]
[Round "9"]
[White "Chapman,Al"]
[Black "Potapov,Alexa1"]
[Result "1-0"]
[WhiteElo "2058"]
[BlackElo "2515"]

1.e4 e5 2.Nf3 Nc6 3.Bb5 a6 4.Ba4 Nf6 5.O-O b5 6.Bb3 Bb7 7.c3 Nxe4 8.d4 exd4
9.Re1 Na5 10.Bc2 d5 11.Ng5 Be7 12.Qh5 g6 13.Qh6 Qd6 14.f3 Qb6 15.fxe4 dxc3+
16.Be3 d4 17.b4 dxe3 18.bxa5 b4 19.axb6  1-0

[Event "Reykjavik International"]
[Site "Reykjavik ISL"]
[Date "2007.04.17"]
[Round "7"]
[White "Bjornsson,Si"]
[Black "Edvardsson,K"]
[Result "0-1"]
[WhiteElo "2329"]
[BlackElo "2252"]

1.e4 e5 2.Nf3 Nc6 3.Bb5 a6 4.Ba4 Nf6 5.O-O b5 6.Bb3 Bb7 7.Re1 Bc5 8.c3 d6
9.d4 Bb6 10.Be3 O-O 11.Nbd2 h6 12.h3 Re8 13.Qb1 Nb8 14.Bc2 Nbd7 15.a4 c5
16.b4 c4 17.d5 Bxe3 18.Rxe3 Nf8 19.Qf1 Ng6 20.Ree1 Nd7 21.Ra3 f5 22.exf5 Nf4
23.Rea1 Nxd5 24.Ne4 N7f6 25.Nfd2 Qb6 26.Qd1 Rf8 27.Qf3 Rab8 28.axb5 axb5
29.Ra7 Rf7 30.Nxf6+ Nxf6 31.Qg3 Nh5 32.Qg4 Nf4 33.Ne4 Bxe4 34.Rxf7 Kxf7 35.Bxe4 d5
36.g3 h5 37.Qh4 Ne2+ 38.Kg2 Nxc3 39.Bf3 Qf6 40.Bxh5+ Kg8 41.Qg4 Na4 42.Qf3 Rd8
43.Re1 e4 44.Qf4 c3 45.Qc7 Rf8 46.Bg4 Nb2 47.Rc1 d4 48.Qd7 Nd3 49.Ra1 c2
50.Qd5+ Qf7 51.Qxe4 c1=Q 52.Rxc1 Nxc1 53.Qc2 Qc4  0-1

[Event "2nd President's Cup"]
[Site "Baku AZE"]
[Date "2007.05.05"]
[Round "3"]
[White "Sariyev,R"]
[Black "Shukurova,M"]
[Result "0-1"]
[WhiteElo "1961"]
[BlackElo "2193"]

1.e4 e5 2.Nf3 Nc6 3.Bb5 a6 4.Ba4 Nf6 5.O-O b5 6.Bb3 Bb7 7.Ng5 d5 8.exd5 Nd4
9.Re1 Bd6 10.f4 O-O 11.fxe5 Nxd5 12.d3 Be7 13.Qg4 c5 14.c3 Nxb3 15.axb3 Qb6
16.h4 Qg6 17.h5 Qxd3 18.Ne4 f5 19.exf6 Nxf6 20.Nxf6+ Bxf6 21.h6 Rae8 22.Rd1 Qe2
23.Qxe2 Rxe2  0-1

[Event "25th Liechtenstein Open"]
[Site "Triesen LIE"]
[Date "2007.05.12"]
[Round "2"]
[White "Henrichs,T"]
[Black "Stasans,A"]
[Result "1/2-1/2"]
[WhiteElo "2512"]
[BlackElo "2244"]

1.e4 e5 2.Nf3 Nc6 3.Bb5 a6 4.Ba4 Nf6 5.O-O b5 6.Bb3 Bb7 7.c3 Nxe4 8.d4 exd4
9.Re1 Na5 10.Bc2 d5 11.Nxd4 c5 12.Nf5 Qd7 13.Ng3 O-O-O 14.Nxe4 dxe4 15.Qxd7+ Rxd7
16.Nd2 f5 17.f3 c4 18.fxe4 Bc5+ 19.Kh1 Re8 20.b4 cxb3 21.axb3 Bb6 22.b4 Nc6
23.Nb3 fxe4 24.Be3 Bxe3 25.Rxe3 Nb8 26.Nc5 Rd2 27.Nxb7 Kxb7 28.Rxe4 Rc8 29.Re7+ Rd7
30.Be4+ Ka7 31.Rxd7+  1/2-1/2

[Event "25th Liechtenstein Open"]
[Site "Triesen LIE"]
[Date "2007.05.14"]
[Round "4"]
[White "Hoffmann,Mi1"]
[Black "Keller,M1"]
[Result "1-0"]
[WhiteElo "2473"]
[BlackElo "2179"]

1.e4 e5 2.Nf3 Nc6 3.Bb5 a6 4.Ba4 Nf6 5.O-O b5 6.Bb3 Bb7 7.d3 Bc5 8.Nc3 d6
9.a4 b4 10.Nd5 Na5 11.Nxf6+ Qxf6 12.Bg5 Qg6 13.Ba2 Bc8 14.Be3 Bg4 15.Bxc5 Bxf3
16.Qxf3 dxc5 17.Qe3 Qd6 18.f4 Qd4 19.Qxd4 exd4 20.e5 Rd8 21.f5 c4 22.Bxc4 Nxc4
23.dxc4 O-O 24.Rad1 Rfe8 25.Rfe1 c5 26.Re4 f6 27.e6 Rb8 28.Rd3 g5 29.h4 h6
30.hxg5 hxg5 31.Rh3 Kg7 32.Kf2 Re7 33.Re1 Rh8 34.Rxh8 Kxh8 35.Kf3 Kg7 36.Ke4 Re8
37.Kd5 b3 38.cxb3 d3 39.Kxc5 d2 40.Rd1  1-0

[Event "16th TCh-CRO"]
[Site "Sibenik CRO"]
[Date "2007.05.17"]
[Round "1"]
[White "Ivic,M"]
[Black "Pavasovic,D"]
[Result "0-1"]
[WhiteElo "2303"]
[BlackElo "2567"]

1.e4 e5 2.Nf3 Nc6 3.Bb5 a6 4.Ba4 Nf6 5.O-O b5 6.Bb3 Bb7 7.d3 Be7 8.Nc3 O-O
9.Nd5 Na5 10.Nxe7+ Qxe7 11.Bg5 h6 12.Bh4 d6 13.Qd2 Nxb3 14.axb3 Qe6 15.Rfe1 Nh5
16.d4 f5 17.exf5 Qxf5 18.Re3 Nf4 19.Ne1 exd4 20.Re7 Rf7 21.Rxf7 Qxf7 22.Bg3 Nxg2
23.Nd3 Nh4  0-1

[Event "3rd UKR Games Women"]
[Site "Evpatoria UKR"]
[Date "2007.05.23"]
[Round "4"]
[White "Ivanenko,O1"]
[Black "Gritsayeva,O"]
[Result "0-1"]
[WhiteElo "2130"]
[BlackElo "2303"]

1.e4 e5 2.Nf3 Nc6 3.Bb5 a6 4.Ba4 Nf6 5.O-O b5 6.Bb3 Bb7 7.Re1 Bc5 8.c3 d6
9.d4 Bb6 10.a4 O-O 11.Na3 h6 12.d5 Ne7 13.Be3 Bxe3 14.Rxe3 c6 15.dxc6 Bxc6
16.axb5 axb5 17.Bc2 Qc7 18.Qe1 Rfe8 19.Rd1 d5 20.exd5 Nexd5 21.Rxe5 Nf4 22.Rxe8+ Rxe8
23.Qd2 Nxg2 24.Kxg2 Bxf3+ 25.Kxf3 Qc6+ 26.Kg3 Nh5+ 27.Kh4 g5+ 28.Kxh5 Qf3+
29.Kxh6 Re6+ 30.Kxg5 Re5+  0-1

[Event "8th UKR Universiad"]
[Site "Evpatoria UKR"]
[Date "2007.06.07"]
[Round "2"]
[White "Yukhno,A"]
[Black "Serik,M"]
[Result "0-1"]
[WhiteElo "2138"]
[BlackElo "2285"]

1.e4 e5 2.Nf3 Nc6 3.Bb5 a6 4.Ba4 Nf6 5.O-O b5 6.Bb3 Bb7 7.Re1 Bc5 8.c3 d6
9.d4 Bb6 10.a4 h6 11.axb5 axb5 12.Rxa8 Qxa8 13.Na3 O-O 14.Nxb5 Na5 15.d5 Nxb3
16.Qxb3 Nxe4 17.Be3 Bxd5 18.c4 Bxe3 19.Qxe3 Bxc4 20.Nxc7 Qc6 21.Qxe4 Qxc7
22.g4 Ba6 23.Qe3 Qd7 24.h3 Bb7 25.Nh4 Qc6 26.Kh2 g5 27.Rg1 gxh4 28.g5 Qf3  0-1

[Event "ch-COL"]
[Site "Cartagena de Indias COL"]
[Date "2007.06.13"]
[Round "1"]
[White "Mendoza,Raf"]
[Black "Ossa,O"]
[Result "1-0"]
[WhiteElo "2390"]
[BlackElo "2253"]

1.e4 e5 2.Nf3 Nc6 3.Bb5 a6 4.Ba4 Nf6 5.O-O b5 6.Bb3 Bb7 7.c3 Nxe4 8.Re1 d5
9.d3 Nc5 10.Nxe5 Nxe5 11.Rxe5+ Be7 12.Bc2 d4 13.Qh5 Nd7 14.Re1 O-O 15.cxd4 Nf6
16.Qd1 Qd5 17.Qf3 Qxf3 18.gxf3 Rfe8 19.Nc3 Bxf3 20.Bf4 Nd5 21.Nxd5 Bxd5 22.Re5 Rad8
23.Rae1 Kf8 24.R5e3 c6 25.a4 Bb4 26.Ra1 f6 27.axb5 axb5 28.Bc7 Ra8 29.Rd1 Ra2
30.Rb1 Bd2 31.Bd6+ Kf7 32.Rxe8 Kxe8 33.Kf1 Kd7 34.Bc5 Bf4 35.h3 g5 36.Bd1 Be6
37.Kg2 f5 38.Bf3 Ra8 39.Re1 Re8 40.Ra1 Rc8 41.Ra7+ Rc7 42.Ra8 Rc8 43.Rxc8 Kxc8
44.Bxc6 Bd7 45.Bd5 h5 46.Bf7 h4 47.d5 g4 48.Be6 Kd8 49.b3 Bg5 50.Bd4 Bxe6
51.dxe6 Ke7 52.Be3 f4 53.Bc5+ Kxe6 54.hxg4  1-0

[Event "ch-COL"]
[Site "Cartagena de Indias COL"]
[Date "2007.06.14"]
[Round "3"]
[White "Pena,Alf"]
[Black "Ossa,O"]
[Result "1/2-1/2"]
[WhiteElo "2255"]
[BlackElo "2253"]

1.e4 e5 2.Nf3 Nc6 3.Bb5 a6 4.Ba4 Nf6 5.O-O b5 6.Bb3 Bb7 7.Re1 Bc5 8.c3 d6
9.d4 Bb6 10.a4 O-O 11.Bg5 h6 12.Bh4 g5 13.dxe5 Nxe5 14.Nxe5 dxe5 15.Bg3 Qxd1
16.Bxd1 Nxe4 17.Bf3 f5 18.Bxe4 fxe4 19.Nd2 e3 20.fxe3 Rad8 21.Nf1 Rd5 22.Kh1 Re8
23.Re2 bxa4 24.e4 Rd3 25.Nd2 Be3 26.Nc4 Bf4 27.Bf2 g4 28.Ne3 h5 29.Rxa4 Red8
30.Kg1 Kf7 31.g3 Bg5 32.Rb4 Ba8 33.Ra4 R8d6 34.Nc4 Re6 35.Ra5 Rd1+ 36.Kg2 Kf6
37.Ba7 h4 38.gxh4 Bxh4 39.Bb8 Rd7 40.Rc5 Ree7 41.Ra5 Bb7 42.Ba7 Bg5 43.Bf2 Bf4
44.Bh4+ Ke6 45.Bxe7 Rxe7 46.Nd2 Rh7 47.Nf1 Rd7 48.Rc5 Rg7 49.b4 Rh7 50.Ng3 Kd7
51.c4 Kc8 52.b5 Rd7 53.b6 Kb8 54.Rxc7 Rxc7 55.bxc7+ Kxc7 56.Nh5 Kd6 57.Nf6 Kc5
58.Nxg4 Kxc4 59.h4 a5 60.h5 a4 61.h6 Bxh6 62.Nxh6 a3 63.Ng4 Kb3 64.Nf2 a2
65.Re1 Kb2 66.Nd3+ Kc3 67.Nc5 Bc6 68.Kf3 Bb5 69.Ke3 Bc4 70.Rd1 Kc2 71.Rg1 Kc3
72.Re1 Kc2 73.Nd7 Kb2 74.Nxe5 Bb3 75.Nd3+ Kc3 76.Rc1+ Bc2 77.Ne1  1/2-1/2

[Event "Open"]
[Site "Teplice CZE"]
[Date "2007.06.18"]
[Round "4"]
[White "Kudela,S"]
[Black "Van Dooren,D"]
[Result "0-1"]
[WhiteElo "2022"]
[BlackElo "2303"]

1.e4 e5 2.Nf3 Nc6 3.Bb5 a6 4.Ba4 Nf6 5.O-O b5 6.Bb3 Bb7 7.Re1 Bc5 8.c3 d6
9.d4 Bb6 10.Bg5 h6 11.Bh4 g5 12.Bg3 Qe7 13.a4 h5 14.h4 g4 15.axb5 axb5 16.Rxa8+ Bxa8
17.dxe5 dxe5 18.Ng5 Nd8 19.Qd3 Nd7 20.Qxb5 f6 21.Rd1 Bc6 22.Qc4 fxg5 23.hxg5 h4
24.Bh2 g3 25.Qe2 Qxg5 26.Kh1 gxh2 27.Nd2 Qf4 28.Nf3 h3 29.g3 Qxe4 30.Qxe4 Bxe4
31.Bd5 Bxd5 32.Rxd5 Nc6 33.Rd2 Rf8 34.Ng5 Rxf2 35.Rxf2 Bxf2 36.Kxh2 Nf6 37.Kxh3 Ke7
38.Kg2 Be3 39.Nf3 Bc1 40.b4 e4 41.Ng1 Ne5 42.Ne2 Bd2 43.b5 Nd5 44.c4 Nxc4
45.g4 Nf4+  0-1

[Event "XXV Balaton IM"]
[Site "Balatonlelle HUN"]
[Date "2007.06.19"]
[Round "4"]
[White "Szabo,Zso2"]
[Black "Asabri,Hu"]
[Result "1-0"]
[WhiteElo "2452"]
[BlackElo "2228"]

1.e4 e5 2.Nf3 Nc6 3.Bb5 a6 4.Ba4 Nf6 5.O-O b5 6.Bb3 Bb7 7.a4 Bc5 8.axb5 axb5
9.Rxa8 Bxa8 10.c3 O-O 11.d4 Bb6 12.Re1 d6 13.Na3 exd4 14.Nxb5 dxc3 15.Nxc3 Ng4
16.Rf1 Nge5 17.Bd5 Nxf3+ 18.Qxf3 Qh4 19.h3 Bc5 20.Be3 Ne5 21.Qe2 Bxe3 22.Qxe3 Bxd5
23.Nxd5 c6 24.Nc3 Rb8 25.Qe2 Qf4 26.Rd1 h6 27.Qc2 Rb4 28.b3 g5 29.Re1 Qf6
30.Re3 Qe6 31.Ne2 Qf6 32.Ng3 Rb5 33.Qd1 Ra5 34.Nh5 Qg6 35.Rg3 Kf8 36.f4 g4
37.fxe5 Qxh5 38.Qxd6+  1-0

[Event "Open"]
[Site "Teplice CZE"]
[Date "2007.06.20"]
[Round "6"]
[White "Kudela,S"]
[Black "Skala,J"]
[Result "0-1"]
[WhiteElo "2022"]
[BlackElo "2049"]

1.e4 e5 2.Nf3 Nc6 3.Bb5 a6 4.Ba4 Nf6 5.O-O b5 6.Bb3 Bb7 7.Re1 Bc5 8.c3 d6
9.d4 Bb6 10.Bg5 h6 11.Bh4 Qe7 12.a4 g5 13.Bg3 h5 14.h4 g4 15.Ng5 Nd8 16.axb5 axb5
17.Rxa8 Bxa8 18.Na3 Nd7 19.d5 Nc5 20.Bc2 f6 21.Ne6 Ndxe6 22.dxe6 Bc6 23.b4 Nxe6
24.Bd3 Qd7 25.Qe2 Nf4 26.Bxf4 exf4 27.Kh2 Bxf2 28.Rf1 g3+ 29.Kh1 Qg4 30.Rxf2 Qxh4+  0-1

[Event "Asian Youth BU18"]
[Site "Tashkent UZB"]
[Date "2007.07.02"]
[Round "5"]
[White "Sadeh,S"]
[Black "Navin,K"]
[Result "0-1"]
[WhiteElo "2178"]
[BlackElo "2280"]

1.e4 e5 2.Nf3 Nc6 3.Bb5 a6 4.Ba4 Nf6 5.O-O b5 6.Bb3 Bb7 7.d3 Be7 8.Nc3 d6
9.a4 Na5 10.Ba2 b4 11.Ne2 c5 12.Ng3 b3 13.cxb3 Nc6 14.b4 Nxb4 15.Bc4 O-O
16.Qb3 Bc8 17.Ng5 d5 18.exd5 Nfxd5 19.N3e4 Bb7 20.Bd2 Kh8 21.Rac1 Rb8 22.Qd1 h6
23.Qh5 Kg8 24.Nf3 Nf6 25.Qf5 Nxe4 26.dxe4 Bf6 27.Rfd1 Qc8 28.Qg6 Nd5 29.Qg3 Nf4
30.Nxe5 Nh5 31.Qg6 Bxe5 32.Qxh5 Bxb2 33.Rc3 Bxc3 34.Bxc3 Bxe4 35.Bxg7 Kxg7
36.Qe5+ Kg8 37.Qxe4 Rb6 38.h4 Qc6 39.Qf5 Qf6 40.Qxc5 Rc6 41.Qb4 Rfc8 42.Rd4 Kh8
43.Bd5 a5 44.Qd2 Rc2 45.Qf4 Qxf4 46.Rxf4 Rd8  0-1

[Event "Kaupthing Open"]
[Site "Differdange LUX"]
[Date "2007.07.10"]
[Round "5"]
[White "Jansa,Vl"]
[Black "Van Dooren,D"]
[Result "1-0"]
[WhiteElo "2494"]
[BlackElo "2331"]

1.e4 e5 2.Nf3 Nc6 3.Bb5 a6 4.Ba4 Nf6 5.O-O b5 6.Bb3 Bb7 7.d3 Bc5 8.Nc3 O-O
9.a4 Na5 10.Nxe5 Nxb3 11.cxb3 d5 12.Bg5 Be7 13.axb5 axb5 14.Rxa8 Bxa8 15.Nxb5 Nxe4
16.Bxe7 Qxe7 17.Nf3 Nf6 18.Qc2 Qb4 19.Nxc7 Rc8 20.Nxd5 Rxc2 21.Nxb4 Rxb2
22.Nd4 Nd5 23.Ra1 Bb7 24.Nxd5 Bxd5 25.h4 g6 26.Ra3 Kg7 27.f3 Kf6 28.Kf1 Ke5
29.Ne2 Bxb3 30.Ra5+ Kd6 31.Rb5 Rb1+ 32.Kf2 Bc2 33.Rxb1 Bxb1 34.Ke3 Ke5 35.Nc3 Bc2
36.g4 h6 37.f4+ Ke6 38.Kd4 Kd6 39.Ke4 f6 40.Kd4 Ke6 41.Ne4 Bd1 42.Nf2 Bf3
43.Kc5 g5 44.hxg5 hxg5 45.f5+ Kd7 46.Kd4 Kd6 47.Ke3 Bg2 48.Ne4+ Ke7 49.d4 Bh1
50.d5 Bg2 51.d6+ Kf7 52.d7 Ke7 53.Nxf6  1-0

[Event "XXII Tadeusz Gniota Mem"]
[Site "Police POL"]
[Date "2007.07.14"]
[Round "4"]
[White "Ejsmont,K"]
[Black "Malaniuk,V"]
[Result "1-0"]
[WhiteElo "2367"]
[BlackElo "2522"]

1.e4 e5 2.Nf3 Nc6 3.Bb5 a6 4.Ba4 Nf6 5.O-O b5 6.Bb3 Bb7 7.d3 Be7 8.Re1 O-O
9.h3 d6 10.a3 Qd7 11.Nc3 Rae8 12.Be3 Bd8 13.Ne2 Ne7 14.Ng3 c5 15.a4 Qc7 16.axb5 axb5
17.c4 b4 18.Ba4 Nd7 19.h4 Kh8 20.h5 h6 21.Bb5 f5 22.Nxf5 Nxf5 23.exf5 Rxf5
24.Ra7 Qc8 25.Nd2 Bb6 26.Ne4 Re6  1-0

[Event "Czech Open GMA"]
[Site "Pardubice CZE"]
[Date "2007.07.21"]
[Round "2"]
[White "Smith,Ax"]
[Black "Potapov,Alexa1"]
[Result "1/2-1/2"]
[WhiteElo "2284"]
[BlackElo "2480"]

1.e4 e5 2.Nf3 Nc6 3.Bb5 a6 4.Ba4 Nf6 5.O-O b5 6.Bb3 Bb7 7.c3 Nxe4 8.d4 Be7
9.Qe2 d5 10.dxe5 O-O 11.Rd1 Na5 12.Bc2 Qc8 13.Nbd2 Qg4 14.h3 Qg6 15.Nxe4 dxe4
16.Nd2 f5 17.exf6 Bc5 18.b4 Ba7 19.bxa5 Rxf6 20.Nf1 Rxf2 21.Qxf2 Bxf2+ 22.Kxf2 c5
23.Kg1 Qf6 24.Be3 Qxc3 25.Rac1 Qe5 26.Rd2 Rf8 27.Bb1 c4 28.Rd7 Rf7 29.Rd8+ Rf8
30.Rd7 Rf7 31.Rd8+ Rf8 32.Rd7  1/2-1/2

[Event "Agentura 64 Cup IMB"]
[Site "Olomouc CZE"]
[Date "2007.08.03"]
[Round "3"]
[White "Kulovana,E"]
[Black "Zvara,P"]
[Result "1-0"]
[WhiteElo "2276"]
[BlackElo "2440"]

1.e4 e5 2.Nf3 Nc6 3.Bb5 a6 4.Ba4 Nf6 5.O-O b5 6.Bb3 Bb7 7.d3 Be7 8.Nc3 d6
9.a4 b4 10.Nd5 Na5 11.Ba2 Nxd5 12.Bxd5 Bxd5 13.exd5 O-O 14.Bd2 Rb8 15.Qe1 c5
16.dxc6 Nxc6 17.c3 f5 18.cxb4 Bf6 19.Bc3 Re8 20.b5 axb5 21.axb5 Rxb5 22.Ra6 Qd7
23.Qa1 e4 24.Qa4 Qb7 25.Bxf6 exf3 26.Qc4+ d5 27.Qxc6 Qxc6 28.Rxc6 gxf6 29.Rxf6 Re5
30.gxf3 Kg7 31.Rd6 Rxb2 32.Rc1 Rb7 33.f4 Re2 34.Rxd5 Kg6 35.Rc6+ Kh5 36.Rxf5+ Kg4
37.Rg5+ Kxf4 38.Rg3 Rd2 39.Re6 Rd7 40.Re4+ Kf5 41.Rf3+ Kg5 42.Ree3 Kg6 43.Kg2 Kg5
44.h4+ Kxh4 45.Rg3 Rd5 46.Re1  1-0

[Event "XVIII Kochan Mem"]
[Site "Koszalin POL"]
[Date "2007.08.05"]
[Round "1"]
[White "Kulon,K"]
[Black "Ovsejevitsch,S"]
[Result "0-1"]
[WhiteElo "2170"]
[BlackElo "2568"]

1.e4 e5 2.Nf3 Nc6 3.Bb5 a6 4.Ba4 Nf6 5.O-O b5 6.Bb3 Bb7 7.d3 Be7 8.c3 O-O
9.Re1 h6 10.Nbd2 Re8 11.Nf1 Bf8 12.Ng3 Na5 13.Bc2 c5 14.d4 cxd4 15.cxd4 d6
16.h3 Nc6 17.d5 Ne7 18.a4 Nd7 19.a5 g6 20.Be3 Bg7 21.Qd2 Kh7 22.Qb4 Nf6 23.Rac1 Qd7
24.Bd3 Rf8 25.Rc3 Nexd5 26.exd5 Nxd5 27.Qb3 Nxc3 28.bxc3 f5 29.Bb1 Bxf3 30.Nxf5 Rxf5
31.Bxf5 Qxf5 32.gxf3 Qxh3 33.Qd5 Rf8 34.Qxd6 Rf5 35.f4 Rh5 36.Qc6 Qh2+ 37.Kf1 exf4
38.Bd4 Qh1+  0-1

[Event "Agentura 64 Cup IMB"]
[Site "Olomouc CZE"]
[Date "2007.08.05"]
[Round "6"]
[White "Tazbir,M"]
[Black "Zvara,P"]
[Result "1-0"]
[WhiteElo "2428"]
[BlackElo "2440"]

1.e4 e5 2.Nf3 Nc6 3.Bb5 a6 4.Ba4 Nf6 5.O-O b5 6.Bb3 Bb7 7.d3 Be7 8.Nc3 d6
9.a4 b4 10.Ne2 O-O 11.Ng3 Bc8 12.c3 bxc3 13.bxc3 Be6 14.Bc2 d5 15.d4 dxe4
16.Nxe5 Nxe5 17.dxe5 Qxd1 18.Rxd1 Ng4 19.Nxe4 Nxe5 20.Ng5 Bg4 21.f3 Bxg5
22.Bxg5 Bh5 23.Rd5 Bg6 24.Bxg6 Nxg6 25.Rd7 f6 26.Be3 Rf7 27.Rad1 Ne5 28.R7d5 Re7
29.Bc5 Re6 30.Rd8+ Rxd8 31.Rxd8+ Kf7 32.Kf2 Rc6 33.Bb4 Ke6 34.f4 Ng4+ 35.Kg3 f5
36.Re8+ Kf7 37.Re7+ Kg6 38.Kf3 Nxh2+ 39.Ke3 Kf6 40.Kd4 Nf1 41.Rd7 Nd2 42.Bf8 Ne4
43.Kd5 Rb6 44.Bxg7+ Kg6 45.Be5 c6+ 46.Kd4 Rb3 47.g4 c5+ 48.Kc4 Ra3 49.Rg7+ Kh6
50.g5+ Kh5 51.Rxh7+ Kg4 52.g6 Rxa4+ 53.Kd5  1-0

[Event "12th WY U16 Ol"]
[Site "Singapore SIN"]
[Date "2007.08.05"]
[Round "1"]
[White "Dole,A"]
[Black "Chan Wei Xuan,T"]
[Result "1-0"]
[WhiteElo "1760"]
[BlackElo "2245"]

1.e4 e5 2.Nf3 Nc6 3.Bb5 a6 4.Ba4 Nf6 5.O-O b5 6.Bb3 Bb7 7.c3 Nxe4 8.d4 Na5
9.Bc2 d5 10.Nxe5 Be7 11.a4 O-O 12.Qe2 Re8 13.axb5 axb5 14.Qxb5 c6 15.Qe2 Bd6
16.Bxe4 dxe4 17.Re1 Bxe5 18.dxe5 Rxe5 19.Bf4 Re6 20.Nd2 Ba6 21.Qh5 Bd3 22.b4 Nb7
23.Rxa8 Qxa8 24.Nb3 Bc4 25.Ra1 Qd8 26.Nd4 Re8 27.h3 Bd5 28.Ra7 Qb6 29.Ra1 Qd8
30.Qg4 Nd6 31.Ra7 Nb5 32.Rd7 Qf6 33.Rxd5 cxd5 34.Nxb5 h5 35.Qg3 Ra8 36.Be5 Ra1+
37.Kh2 h4 38.Qf4 Qa6 39.Nd6 f6 40.b5 Qa4 41.Bd4 Qd1 42.Qxh4 Qg1+ 43.Kg3 Rd1
44.Qf4 Qh1 45.Nf5 Rd3+ 46.Ne3 Qb1 47.b6  1-0

[Event "XVIII Kochan Mem"]
[Site "Koszalin POL"]
[Date "2007.08.06"]
[Round "2"]
[White "Mickiewicz,P"]
[Black "Malaniuk,V"]
[Result "0-1"]
[WhiteElo "2271"]
[BlackElo "2522"]

1.e4 e5 2.Nf3 Nc6 3.Bb5 a6 4.Ba4 Nf6 5.O-O b5 6.Bb3 Bb7 7.d3 Be7 8.Nc3 d6
9.a3 O-O 10.Bd2 Qd7 11.Ne2 Nd8 12.Ng3 Ne6 13.Nf5 c5 14.N3h4 Bd8 15.Qf3 d5
16.exd5 Bxd5 17.Bxd5 Nxd5 18.Rfe1 Bf6 19.Qg4 Kh8 20.h3 g6 21.Ne3 Bg7 22.Nxd5 Qxd5
23.Bc3 f6 24.Qe4 Qd7 25.Nf3 Rfe8 26.b3 Rac8 27.a4 Nd4 28.Bxd4 cxd4 29.axb5 axb5
30.Ra2 f5 31.Qh4 Rc7 32.Re2 Qc8 33.Qg3 e4 34.dxe4 fxe4 35.Ng5 Rce7 36.Qd6 h6
37.Nf3 Re6 38.Qd5 exf3 39.Rxe6 Qxe6 40.Qxf3 Kh7 41.Ra7 Qf5 42.Qd1 Qe4 43.Kh2 Kh8  0-1

[Event "12th WY U16 Ol"]
[Site "Singapore SIN"]
[Date "2007.08.07"]
[Round "5"]
[White "Lehmann,Mar"]
[Black "Chan Wei Xuan,T"]
[Result "0-1"]
[WhiteElo "2279"]
[BlackElo "2245"]

1.e4 e5 2.Nf3 Nc6 3.Bb5 a6 4.Ba4 Nf6 5.O-O b5 6.Bb3 Bb7 7.d3 Bc5 8.Nc3 h6
9.a4 b4 10.Nd5 d6 11.a5 O-O 12.Nxf6+ Qxf6 13.Be3 Rad8 14.Bd5 Rb8 15.c3 bxc3
16.bxc3 Ne7 17.Bxb7 Rxb7 18.d4 exd4 19.cxd4 Bb4 20.Qd3 Rb5 21.d5 Re8 22.Nd4 Rxa5
23.Rxa5 Bxa5 24.Qxa6 Bb6 25.Qa4 Kf8 26.Nb5 Nxd5 27.exd5 Rxe3 28.Nxc7 Qxf2+
29.Kxf2 Ra3+ 30.Ke2 Rxa4 31.Ne6+ Kg8 32.Nf4 Ra2+ 33.Kf3 g5 34.Nh5 Kh7 35.g4 Kg6
36.Rb1 Bd4 37.Ke4 Be5 38.h3 f5+ 39.Kf3 Rh2 40.Rb8 Rxh3+ 41.Kg2 fxg4  0-1

[Event "Agentura 64 Cup IMB"]
[Site "Olomouc CZE"]
[Date "2007.08.08"]
[Round "10"]
[White "Dauletova,G"]
[Black "Zvara,P"]
[Result "1/2-1/2"]
[WhiteElo "2210"]
[BlackElo "2440"]

1.e4 e5 2.Nf3 Nc6 3.Bb5 a6 4.Ba4 Nf6 5.O-O b5 6.Bb3 Bb7 7.d3 Be7 8.a4 d6
9.Nc3 b4 10.Ne2 O-O 11.Ng3 Bc8 12.c3 Rb8 13.h3 Na5 14.Ba2 b3 15.Bb1 c5 16.d4 Qc7
17.d5 c4 18.Nh2 Nb7 19.f4 Ne8 20.Ng4 f6 21.h4 Nd8 22.h5 Nf7 23.Ne3 Bd7 24.Ngf5 Bd8
25.Nh4 a5 26.Ng6 exf4 27.Nxf8 Kxf8 28.Nf5 g6 29.hxg6 hxg6 30.Nh4 g5 31.e5 dxe5
32.Nf5 Ned6 33.Nxd6 Qxd6 34.g4 Bb6+ 35.Kg2 Nh6 36.Qe2 Bxg4 37.Qe4 f3+ 38.Rxf3 Bxf3+
39.Kxf3 Qd7 40.Kg2 Rd8 41.Ra3 Ng4 42.Qxc4 Qxd5+ 43.Qxd5 Rxd5 44.Rxb3 Rd1
45.Rxb6 Rxc1 46.Be4 f5 47.Bxf5 Ne3+ 48.Kf2 Nxf5 49.Rf6+ Ke7  1/2-1/2

[Event "12th WY U16 Ol"]
[Site "Singapore SIN"]
[Date "2007.08.08"]
[Round "7"]
[White "Yu,Ma"]
[Black "Chan Wei Xuan,T"]
[Result "0-1"]
[WhiteElo "2023"]
[BlackElo "2245"]

1.e4 e5 2.Nf3 Nc6 3.Bb5 a6 4.Ba4 Nf6 5.O-O b5 6.Bb3 Bb7 7.Re1 Bc5 8.c3 d6
9.d4 Bb6 10.Bc2 h6 11.h3 O-O 12.Be3 Re8 13.Nbd2 exd4 14.Bxd4 Nxd4 15.cxd4 c5
16.d5 c4 17.Nf1 Nd7 18.Ng3 Ne5 19.Nf5 Bc8 20.N5d4 Nxf3+ 21.Nxf3 Qf6 22.Rb1 Bd7
23.Qe2 Rac8 24.Nh2 Re5 25.Qf3 Qe7 26.Rf1 Rf8 27.Qc3 Qd8 28.Kh1 Ba5 29.Qd4 Bb6
30.Qc3 f5 31.f4 Rxe4 32.Bxe4 fxe4 33.g4 e3 34.Qc2 Bc8 35.Qe4 Re8 36.Qf3 Bb7
37.Rfe1 Qf6 38.Nf1 Qf7 39.Rbd1 Re5 40.Nxe3 Bxe3 41.Rxe3 Rxd5 42.Kh2 Rxd1  0-1

[Event "HZ Open"]
[Site "Vlissingen NED"]
[Date "2007.08.10"]
[Round "8"]
[White "Sijpkens,M"]
[Black "Van Dooren,D"]
[Result "1/2-1/2"]
[WhiteElo "2174"]
[BlackElo "2331"]

1.e4 e5 2.Nf3 Nc6 3.Bb5 a6 4.Ba4 Nf6 5.O-O b5 6.Bb3 Bb7 7.d4 Nxd4 8.Bxf7+ Kxf7
9.Nxe5+ Kg8 10.Qxd4 c5 11.Qd1 d6 12.Ng4 Nxe4 13.f3 Nf6 14.Bg5 Be7 15.Qe2 Qd7
16.Re1 Kf7 17.Nc3 Rhe8 18.Bxf6 Bxf6 19.Nxf6 gxf6 20.Qd3 Kg7 21.Nd5 Rad8 22.Nf4 Re5
23.Rxe5 fxe5 24.Nh5+ Kh8 25.Rd1 Qe6 26.Qe3 Bc6 27.b3 Qg6 28.Ng3 Rd7 29.Ne4 Kg8
30.Qd3 c4 31.Qe2 Kf8 32.Nc3 Qe6 33.Qe3 d5 34.Qg5 h6 35.Qh4 Qg6 36.Re1 Re7
37.Re2 Ke8 38.Qh3 Kd8 39.Qh4 Qg5 40.Qxg5 hxg5 41.Kf2 Kd7 42.Kg3 Ke6 43.h4 gxh4+
44.Kxh4 Kf5 45.Kg3 a5 46.Re1 Rh7 47.Kf2 Kf6 48.Ne2 d4 49.bxc4 bxc4 50.Rb1 Rb7
51.Rxb7 Bxb7 52.c3 d3 53.Ng3 Bd5 54.Ke3 Kg5 55.Nf1 Kh4 56.Kf2 Kh5 57.Ne3 Be6
58.Kg3 Kg5 59.Kf2 Kf4 60.g3+ Kg5 61.Nd1 Kf5 62.Ke3 Bd5 63.Nb2 Bg8 64.Nd1 Be6
65.Nb2 Bd5 66.Nd1 e4 67.fxe4+ Bxe4 68.Nb2 Bd5 69.Nxd3 cxd3  1/2-1/2